[Event "SVK-chT3A2 0607"]
[Site "Slovakia"]
[Date "2007.03.25"]
[Round "11"]
[White "Gono, Pavol"]
[Black "Sulek, Viliam"]
[Result "1/2-1/2"]
[WhiteElo "2009"]
[BlackElo "2202"]
[PlyCount "94"]
[EventDate "2006.10.08"]
[EventType "team-tourn"]
[EventRounds "11"]
[EventCountry "SVK"]
[SourceTitle "EXT 2008"]
[Source "ChessBase"]
[SourceDate "2007.11.25"]
[SourceVersion "1"]
[SourceVersionDate "2007.11.25"]
[SourceQuality "1"]
[WhiteTeam "Piestany Kupele II"]
[BlackTeam "Gabcikovo"]
[WhiteTeamCountry "SVK"]
[BlackTeamCountry "SVK"]

1. e4 c5 2. Nf3 Nc6 3. d4 cxd4 4. Nxd4 e5 5. Ne2 Nf6 6. Nbc3 Bb4 7. Bd2 0-0 8. g3 d6 9. Bg2 Bg4 10. 0-0 Bc5 11. Kh1 a6 12. Nd5 Nxd5 13. exd5 Ne7 14. b4 Ba7 15. c4 f5 16. f3 Bh5 17. Qb3 Kh8 18. Be3 Bxe3 19. Qxe3 b5 20. Qd3 bxc4 21. Qxc4 Qb6 22. Qh4 Qb5 23. Qxe7 Qxe2 24. Qxd6 Rfd8 25. Qe6 Rac8 26. Rfe1 Qf2 27. Rf1 Qe2 28. Rfe1 Qf2 29. Qxf5 Rc2 30. Rg1 Bg6 31. Qxe5 Re8 32. Qf4 h6 33. d6 Rd2 34. Raf1 Qe2 35. Rc1 Kh7 36. Qc4 Qxc4 37. Rxc4 Rxd6 38. Bf1 Rd2 39. Rc3 Rxa2 40. Bc4 Rb2 41. Rg2 Rb1+ 42. Rg1 Rxb4 43. Bxa6 Ra8 44. Rc6 Rd8 45. Re1 Ra4 46. Bb5 Rb4 47. Ba6 Ra4 1/2-1/2

[Event "SVK-chT1W 0607"]
[Site "Slovakia"]
[Date "2006.11.05"]
[Round "4.3"]
[White "Sturdik, Igor"]
[Black "Gono, Pavol"]
[Result "1-0"]
[WhiteElo "2046"]
[BlackElo "2009"]
[PlyCount "103"]
[EventDate "2006.10.07"]
[EventType "team-tourn"]
[EventRounds "11"]
[EventCountry "SVK"]
[SourceTitle "EXT 2008"]
[Source "ChessBase"]
[SourceDate "2007.11.25"]
[SourceVersion "1"]
[SourceVersionDate "2007.11.25"]
[SourceQuality "1"]
[WhiteTeam "Trnava Lokomotiva"]
[BlackTeam "Piestany Kupele"]
[WhiteTeamCountry "SVK"]
[BlackTeamCountry "SVK"]

1. e4 c6 2. d4 d5 3. Nd2 dxe4 4. Nxe4 Nd7 5. Bc4 Ngf6 6. Ng5 e6 7. Qe2 Nb6 8. Bd3 h6 9. N5f3 c5 10. dxc5 Bxc5 11. Bd2 0-0 12. Ne5 Nbd5 13. 0-0-0 Qc7 14. Nh3 Bd6 15. Nc4 Bc5 16. Ne5 Bd6 17. Nc4 Bc5 18. Ne3 Nb4 19. Bc4 a6 20. g4 b5 21. Bb3 Ne4 22. Be1 Bb7 23. f3 Ng5 24. Nxg5 hxg5 25. Bg3 Qe7 26. c3 Nd5 27. Nxd5 Bxd5 28. Bxd5 exd5 29. Qxe7 Bxe7 30. Rxd5 Rfd8 31. Rhd1 Kf8 32. Rxd8+ Rxd8 33. Rxd8+ Bxd8 34. Kc2 Ke7 35. Kd3 Bb6 36. c4 Kd7 37. Be5 bxc4+ 38. Kxc4 g6 39. Kd5 Be3 40. Bf6 Bf4 41. h3 Be3 42. Bc3 Bb6 43. b4 Be3 44. a4 Bb6 45. b5 axb5 46. axb5 Kc7 47. Bd2 Bf2 48. Bxg5 Kb6 49. Kc4 Bg1 50. Bf6 Bh2 51. h4 Bf4 52. Bg7 1-0

[Event "SVK-chT1W 0304"]
[Site "Slovakia"]
[Date "2004.??.??"]
[Round "9"]
[White "Gono, Pavol"]
[Black "Slamena, Michal"]
[Result "1/2-1/2"]
[WhiteElo "1910"]
[BlackElo "1870"]
[PlyCount "121"]
[EventDate "2003.10.??"]
[EventType "team"]
[EventRounds "9"]
[EventCountry "SVK"]
[SourceTitle "EXT 2007"]
[Source "ChessBase"]
[SourceDate "2006.11.23"]
[SourceVersion "1"]
[SourceVersionDate "2006.11.23"]
[SourceQuality "1"]

1. e4 e5 2. Nf3 Nc6 3. Bc4 Nf6 4. d3 h6 5. 0-0 Bc5 6. Be3 Bb6 7. Bxb6 axb6 8. Nbd2 d6 9. c3 Bg4 10. Bb3 0-0 11. Re1 Qd7 12. Nf1 Na5 13. Bc2 c5 14. Ne3 Bh5 15. Nd5 Qd8 16. Qe2 Nc6 17. Qe3 Nxd5 18. exd5 Ne7 19. Bb3 Nf5 20. Qe4 Bg6 21. Qg4 Ne7 22. Qc4 Qd7 23. a4 Kh8 24. d4 e4 25. Nd2 f5 26. f3 Bf7 27. fxe4 fxe4 28. Qe2 Nxd5 29. Qxe4 Rae8 30. Qh4 Ne3 31. Bxf7 Rxf7 32. Re2 cxd4 33. cxd4 Nc2 34. Rxe8+ Qxe8 35. Rf1 Qe3+ 36. Rf2 Rxf2 37. Qxf2 Qd3 38. Nf3 Ne3 39. h3 Nd1 40. Qe1 Nxb2 41. Qe8+ Kh7 42. Qd7 Nc4 43. Kf2 Qe4 44. Qb5 Qe6 45. Kg3 d5 46. Kf2 Qc6 47. Qb1+ Kh8 48. Qb4 Nd6 49. Ne5 Ne4+ 50. Kg1 Qc1+ 51. Kh2 Qf4+ 52. Kg1 Qf2+ 53. Kh2 Nd2 54. Qxb6 Nf1+ 55. Kh1 Qg3 56. Kg1 Ne3 57. Qb2 Qe1+ 58. Kh2 Nf5 59. Qxb7 Qg3+ 60. Kg1 Qe1+ 61. Kh2 1/2-1/2

[Event "SVK-chT2W 0102"]
[Site "Slovakia"]
[Date "2002.01.12"]
[Round "7.3"]
[White "Horak, Ivan"]
[Black "Gono, Pavol"]
[Result "1-0"]
[WhiteElo "2174"]
[BlackElo "1906"]
[PlyCount "225"]
[EventDate "2001.10.??"]
[EventType "team"]
[EventRounds "11"]
[EventCountry "SVK"]
[SourceTitle "EXT 2006"]
[Source "ChessBase"]
[SourceDate "2005.11.24"]
[SourceVersion "1"]
[SourceVersionDate "2005.11.24"]
[SourceQuality "1"]

1. d4 c6 2. c4 d5 3. Nc3 Nf6 4. Nf3 dxc4 5. a4 Bf5 6. e3 e6 7. Bxc4 Be7 8. 0-0 Nbd7 9. Nh4 Bg6 10. Nxg6 hxg6 11. Qe2 Qa5 12. Rd1 Qh5 13. h3 Nb6 14. Qxh5 gxh5 15. Be2 Nbd5 16. Bf3 g6 17. Bd2 0-0 18. Ne4 Nd7 19. a5 f5 20. Nc3 N7f6 21. Nxd5 Nxd5 22. Ra4 Rac8 23. Rc1 a6 24. Rac4 Rfd8 25. Be1 Kf7 26. g3 Rd7 27. Kf1 Rcd8 28. Ke2 Bf8 29. g4 hxg4 30. hxg4 Be7 31. Bd2 Rh8 32. gxf5 gxf5 33. Rh1 Rxh1 34. Bxh1 Rd8 35. Bf3 Rh8 36. Bxd5 exd5 37. Rc3 Bd6 38. Rb3 Rb8 39. Bb4 Bxb4 40. Rxb4 Kf6 41. Kf3 Ke6 42. Kf4 Kf6 43. Rb6 Ke6 44. Rb3 Kf6 45. Rc3 Rg8 46. Rc1 Rg4+ 47. Kf3 Rh4 48. b4 Rh3+ 49. Kf4 Rh4+ 50. Kg3 Rg4+ 51. Kf3 Rh4 52. Rg1 Rh8 53. Ke2 Kf7 54. Kd3 Kf6 55. f4 Kf7 56. Rg5 Kf6 57. Kd2 Rh2+ 58. Kc3 Rh8 59. Kd3 Ke6 60. Rg7 Rb8 61. Rg6+ Kf7 62. Rh6 Kg7 63. Rd6 Kf7 64. Ke2 Ke7 65. Rh6 Kf7 66. Kf3 Kg7 67. Rd6 Kf7 68. Kg3 Rg8+ 69. Kf3 Ke7 70. Rh6 Rg7 71. Rh8 Kf6 72. Rf8+ Ke6 73. Rb8 Rh7 74. Kg3 Kd6 75. Kg2 Ke6 76. Re8+ Kf6 77. Rb8 Ke6 78. Kf3 Kf6 79. Ke2 Rf7 80. Kd3 Ke6 81. Kc3 Kd6 82. Rg8 Ke6 83. Re8+ Kf6 84. Rc8 Re7 85. Kd3 Kg6 86. b5 cxb5 87. Rd8 Re6 88. Rxd5 b6 89. axb6 Rxb6 90. Rc5 Kf6 91. d5 Ke7 92. Rc7+ Kd6 93. Rf7 Kxd5 94. Rxf5+ Ke6 95. e4 Rd6+ 96. Kc3 Rd1 97. Rh5 Rc1+ 98. Kd2 Rc4 99. Kd3 Ra4 100. Rh6+ Ke7 101. Rb6 b4 102. f5 a5 103. e5 Ra1 104. Rb7+ Kd8 105. f6 Rd1+ 106. Ke4 Re1+ 107. Kd5 Rf1 108. Ke6 Kc8 109. Rb5 Rf4 110. Rxa5 b3 111. Rb5 Ra4 112. f7 Rf4 113. Ke7 1-0

[Event "SVK-chT2W 0102"]
[Site "Slovakia"]
[Date "2001.12.15"]
[Round "5.4"]
[White "Seitler, Andrej"]
[Black "Gono, Pavol"]
[Result "1/2-1/2"]
[WhiteElo "1906"]
[BlackElo "2019"]
[PlyCount "92"]
[EventDate "2001.10.??"]
[EventType "team"]
[EventRounds "11"]
[EventCountry "SVK"]
[SourceTitle "EXT 2006"]
[Source "ChessBase"]
[SourceDate "2005.11.24"]
[SourceVersion "1"]
[SourceVersionDate "2005.11.24"]
[SourceQuality "1"]

1. Nf3 d5 2. c4 c6 3. b3 Bf5 4. Bb2 e6 5. g3 Nf6 6. Bg2 h6 7. 0-0 Be7 8. d3 0-0 9. Nbd2 c5 10. cxd5 exd5 11. d4 Nc6 12. Rc1 cxd4 13. Nxd4 Nxd4 14. Bxd4 Qa5 15. a4 Rac8 16. Nb1 Rxc1 17. Qxc1 Rc8 18. Qe3 Bc5 19. Rd1 Bxd4 20. Qxd4 Rc2 21. Bf3 Be6 22. e3 a6 23. Na3 Rc3 24. Rd3 Rc1+ 25. Kg2 Qc7 26. b4 Qc8 27. Rd1 Bh3+ 28. Kg1 Rc3 29. Nb1 Rc4 30. Qd2 Bg4 31. Bxg4 Qxg4 32. Nc3 Rxb4 33. Kg2 Qe6 34. f3 Qc6 35. a5 Rc4 36. Nxd5 Nxd5 37. Qxd5 Rc2+ 38. Kg1 Qc3 39. Qd8+ Kh7 40. Qd3+ Qxd3 41. Rxd3 Ra2 42. Rd5 Kg6 43. e4 Kf6 44. h4 g6 45. f4 Ke6 46. h5 Rb2 1/2-1/2